[Event "Aragon-chT Preferente Gr II"]
[Site "Aragon"]
[Date "2023.02.25"]
[Round "5.70"]
[White "Carbonel Sanchez, Andres"]
[Black "Leon Dionis, Mateo"]
[Result "1-0"]
[WhiteElo "1948"]
[BlackElo "1754"]
[PlyCount "69"]
[EventDate "2023.01.28"]
[EventType "team-tourn"]
[EventRounds "9"]
[EventCountry "ESP"]
[SourceTitle "EXT 2024"]
[Source "ChessBase"]
[SourceDate "2023.10.10"]
[SourceVersion "1"]
[SourceVersionDate "2023.10.10"]
[SourceQuality "1"]
[WhiteTeam "Tauste"]
[BlackTeam "Actur Rey Fernando"]
[WhiteTeamCountry "ESP"]
[BlackTeamCountry "ESP"]

1. e4 c6 2. d4 d5 3. exd5 cxd5 4. Bd3 Nc6 5. c3 Qc7 6. h3 e6 7. Nf3 Bd6 8. 0-0 Nge7 9. Re1 Ng6 10. a4 a6 11. b4 0-0 12. Ng5 Bh2+ 13. Kh1 Bf4 14. Bxf4 Qxf4 15. Qh5 h6 16. Nf3 Bd7 17. Nbd2 Rac8 18. Bxg6 fxg6 19. Qxg6 Rf6 20. Qg3 Qf5 21. Re3 Rg6 22. Qd6 Rd8 23. Nh4 Qxf2 24. Nxg6 Qxe3 25. Ne7+ Nxe7 26. Qxe7 Qg5 27. Qxg5 hxg5 28. Re1 Kf7 29. a5 Kf6 30. Nf3 Rc8 31. Re3 Ba4 32. Ne5 Kf5 33. Kg1 Kf4 34. Kf2 Bd1 35. Ng6+ 1-0

[Event "Aragon-chT Preferente B"]
[Site "Aragon"]
[Date "2017.01.28"]
[Round "1.71"]
[White "Leon Dionis, Mateo"]
[Black "Mimbela Lopez, Luis"]
[Result "0-1"]
[WhiteElo "1770"]
[BlackElo "2023"]
[PlyCount "80"]
[EventDate "2017.01.28"]
[EventType "team-tourn"]
[EventRounds "9"]
[EventCountry "ESP"]
[SourceTitle "EXT 2018"]
[Source "ChessBase"]
[SourceDate "2017.10.13"]
[SourceVersion "1"]
[SourceVersionDate "2017.10.13"]
[SourceQuality "1"]
[WhiteTeam "Actur Rey Fernando"]
[BlackTeam "Agrupacion II"]
[WhiteTeamCountry "ESP"]
[BlackTeamCountry "ESP"]

1. d4 Nf6 2. Nf3 g6 3. c4 Bg7 4. Nc3 0-0 5. e4 d6 6. Be2 e5 7. 0-0 Nbd7 8. d5 Nc5 9. Qc2 a5 10. Be3 Nfd7 11. Ne1 f5 12. exf5 gxf5 13. f3 Kh8 14. Nd3 b6 15. a3 Nxd3 16. Bxd3 Nc5 17. Be2 a4 18. Bxc5 bxc5 19. Nxa4 Qh4 20. g3 Qh3 21. Nc3 Bd7 22. Bd3 Bh6 23. Qe2 Rg8 24. Kh1 Rxg3 25. Qf2 Rag8 26. Rg1 Rxf3 27. Rxg8+ Kxg8 28. Bf1 Rxf2 29. Bxh3 Rxb2 30. a4 Bd2 31. Nb5 Ba5 32. Na7 Kf7 33. Bxf5 Bxf5 34. Nc6 Be4+ 35. Kg1 Rg2+ 36. Kf1 Rxh2 37. Ra3 Rh1+ 38. Ke2 Bb4 39. a5 Bxa3 40. a6 Bb4 0-1

[Event "Aragon-chT Preferente B"]
[Site "Aragon"]
[Date "2014.03.22"]
[Round "9.55"]
[White "Garcia Montolar, Cesar"]
[Black "Leon Dionis, Mateo"]
[Result "1/2-1/2"]
[WhiteElo "1836"]
[BlackElo "1788"]
[PlyCount "98"]
[EventDate "2014.01.25"]
[EventType "team-tourn"]
[EventRounds "9"]
[EventCountry "ESP"]
[SourceTitle "EXT 2015"]
[Source "ChessBase"]
[SourceDate "2014.11.20"]
[SourceVersion "1"]
[SourceVersionDate "2014.11.20"]
[SourceQuality "1"]
[WhiteTeam "Tauste II"]
[BlackTeam "Actur Rey Fernando"]
[WhiteTeamCountry "ESP"]
[BlackTeamCountry "ESP"]

1. d4 Nf6 2. Nf3 e6 3. e3 c5 4. c3 Nc6 5. Bd3 d5 6. Nbd2 cxd4 7. exd4 Bd6 8. 0-0 Ne7 9. Re1 Ng6 10. Nf1 0-0 11. Ng3 Qc7 12. Ne5 Nxe5 13. dxe5 Bxe5 14. Nh5 g6 15. g4 Nxh5 16. gxh5 Bxh2+ 17. Kg2 Bf4 18. Rh1 g5 19. h6 Bxc1 20. Rxc1 f5 21. Qd2 Qf4 22. Qxf4 gxf4 23. Kf3 e5 24. Bb5 Rf7 25. Rcd1 Be6 26. Rde1 e4+ 27. Kxf4 Rd8 28. Ke5 Bc8 29. Rd1 Re7+ 30. Kf4 Kf7 31. Ba4 Kf6 32. Rd4 Be6 33. Bb3 Red7 34. Rhd1 a6 35. Ba4 b5 36. Bb3 Kg6 37. Ke5 Bg8 38. Rh1 Kg5 39. f4+ exf3 40. Rg1+ Kh5 41. Rd2 Re7+ 42. Kf4 Re4+ 43. Kxf3 Rg4 44. Rh2+ Kg5 45. Rhg2 Rxg2 46. Rxg2+ Kxh6 47. Kf4 Rf8 48. Bc2 Bf7 49. Ke5 Bg6 1/2-1/2

[Event "Aragon-chT Preferente B"]
[Site "Aragon"]
[Date "2014.02.22"]
[Round "5.55"]
[White "Gines Esteo, Pedro Antonio"]
[Black "Leon Dionis, Mateo"]
[Result "1-0"]
[WhiteElo "1778"]
[BlackElo "1788"]
[PlyCount "91"]
[EventDate "2014.01.25"]
[EventType "team-tourn"]
[EventRounds "9"]
[EventCountry "ESP"]
[SourceTitle "EXT 2015"]
[Source "ChessBase"]
[SourceDate "2014.11.20"]
[SourceVersion "1"]
[SourceVersionDate "2014.11.20"]
[SourceQuality "1"]
[WhiteTeam "IberCaja II"]
[BlackTeam "Actur Rey Fernando"]
[WhiteTeamCountry "ESP"]
[BlackTeamCountry "ESP"]

1. e4 c6 2. d4 d5 3. Nc3 dxe4 4. Nxe4 Bf5 5. Ng3 Bg6 6. Nf3 Nd7 7. h4 h6 8. h5 Bh7 9. Bd3 Bxd3 10. Qxd3 e6 11. Bf4 Ngf6 12. 0-0-0 Nd5 13. Bd2 Bd6 14. Ne4 Bc7 15. Rhe1 N5f6 16. Bb4 Nxe4 17. Qxe4 Ba5 18. d5 cxd5 19. Rxd5 Bxb4 20. Qxb4 Qb6 21. Rb5 Qxf2 22. Rxb7 Rc8 23. Qa4 Rd8 24. Rd1 0-0 25. Rbxd7 Rxd7 26. Qxd7 Qxg2 27. Qd3 Qh3 28. Rg1 Qxh5 29. Qd4 g6 30. Ne5 Qf5 31. Nd7 Rc8 32. c3 a6 33. Nf6+ Kf8 34. Rd1 e5 35. Qd6+ Kg7 36. Nd5 Qg5+ 37. Rd2 Rd8 38. Qc5 e4 39. Qd4+ f6 40. Qxe4 Rd7 41. Kc2 f5 42. Qe5+ Kf7 43. Re2 Qd8 44. Qe6+ Kg7 45. Rg2 g5 46. Ne3 1-0

[Event "Aragon-chT Preferente B"]
[Site "Aragon"]
[Date "2014.02.15"]
[Round "4.55"]
[White "Leon Dionis, Mateo"]
[Black "Bayod Rubia, Angel"]
[Result "1/2-1/2"]
[WhiteElo "1788"]
[BlackElo "2002"]
[PlyCount "175"]
[EventDate "2014.01.25"]
[EventType "team-tourn"]
[EventRounds "9"]
[EventCountry "ESP"]
[SourceTitle "EXT 2015"]
[Source "ChessBase"]
[SourceDate "2014.11.20"]
[SourceVersion "1"]
[SourceVersionDate "2014.11.20"]
[SourceQuality "1"]
[WhiteTeam "Actur Rey Fernando"]
[BlackTeam "El Olivar III"]
[WhiteTeamCountry "ESP"]
[BlackTeamCountry "ESP"]

1. d4 Nf6 2. Nf3 d6 3. g3 g6 4. Bg2 Bg7 5. 0-0 0-0 6. Re1 c6 7. c3 Qc7 8. Nbd2 Nbd7 9. Nb3 Re8 10. Qc2 e5 11. dxe5 Nxe5 12. Nxe5 dxe5 13. e4 b6 14. f3 Be6 15. Be3 Rad8 16. Rad1 Bc4 17. Bf1 Be6 18. Bg2 Qc8 19. Rxd8 Rxd8 20. Rd1 Ne8 21. Rxd8 Qxd8 22. Qd2 Qe7 23. Nc1 Nd6 24. b3 Bf8 25. Nd3 f6 26. Nb4 Qc7 27. Nc2 Nb7 28. Bf1 Qd6 29. Qxd6 Bxd6 30. Kf2 Kf7 31. Nb4 Nd8 32. Nd3 Bd7 33. Nb2 Ne6 34. Nd3 Nc7 35. Nb2 Be7 36. Bc4+ Kg7 37. Bf1 Ne6 38. Nd3 Nc7 39. Nb2 Be6 40. Kg2 Kf7 41. Kf2 Nb5 42. Bxb5 cxb5 43. Nd3 Bd6 44. Nb4 Bd7 45. h4 Ke6 46. Nd3 f5 47. Bh6 Bc6 48. Ke3 Bb7 49. b4 Bc8 50. Bg7 Bd7 51. f4 fxe4 52. Kxe4 Bc6+ 53. Ke3 e4 54. Nf2 a5 55. a3 Be7 56. Nxe4 Kd5 57. Nd2 a4 58. Bd4 Bd8 59. Bg7 Bd7 60. Be5 g5 61. hxg5 Bxg5 62. Bc7 Bf6 63. Ne4 Bg7 64. Bxb6 Bf5 65. Nf2 Bxc3 66. g4 Bc2 67. f5 Bb2 68. Nd3 Bxa3 69. Bc5 Bxd3 70. Kxd3 Bb2 71. Kc2 Bf6 72. Be3 Be7 73. Kc3 Bf8 74. Bd4 h6 75. Bh8 Kd6 76. Kd3 Kd5 77. Bc3 Be7 78. f6 Bf8 79. Bd2 Ke6 80. Bc3 Kf7 81. Ke4 Kg6 82. Kd5 a3 83. Kc6 Kg5 84. Kxb5 Kxg4 85. Ka4 a2 86. Ka3 Kf5 87. Kxa2 h5 88. Be1 1/2-1/2